<?xml version="1.0" encoding="UTF-8"?>
<record
    xmlns:xsi="http://www.w3.org/2001/XMLSchema-instance"
    xsi:schemaLocation="http://www.loc.gov/MARC21/slim http://www.loc.gov/standards/marcxml/schema/MARC21slim.xsd"
    xmlns="http://www.loc.gov/MARC21/slim">

  <leader>01475nam a2200253 a 4500</leader>
  <controlfield tag="001">8024</controlfield>
  <controlfield tag="003">CO-ViMGA</controlfield>
  <controlfield tag="008">141112s2004    ck      r     000 u spa d</controlfield>
  <datafield tag="020" ind1=" " ind2=" ">
    <subfield code="a">9589185428</subfield>
  </datafield>
  <datafield tag="040" ind1=" " ind2=" ">
    <subfield code="a">CO-ViMGA</subfield>
    <subfield code="b">spa</subfield>
    <subfield code="c">CO-ViMGA</subfield>
  </datafield>
  <datafield tag="082" ind1="0" ind2="4">
    <subfield code="a">372.5 A484h</subfield>
  </datafield>
  <datafield tag="100" ind1="1" ind2=" ">
    <subfield code="a">Aguirre G., Polo; Caputi M., Mary Jane; Jaramillo P., J. Martin</subfield>
    <subfield code="9">7631</subfield>
  </datafield>
  <datafield tag="245" ind1="1" ind2="0">
    <subfield code="a">Habilidades Artisticas</subfield>
  </datafield>
  <datafield tag="260" ind1=" " ind2=" ">
    <subfield code="a">Medell&#xED;n, </subfield>
    <subfield code="c">Ediarte, </subfield>
    <subfield code="c">1997</subfield>
  </datafield>
  <datafield tag="300" ind1=" " ind2=" ">
    <subfield code="a">4 Volumenes</subfield>
  </datafield>
  <datafield tag="490" ind1=" " ind2=" ">
    <subfield code="a">Educaci&#xF3;n Artistica</subfield>
  </datafield>
  <datafield tag="500" ind1=" " ind2=" ">
    <subfield code="a">Solicitar el ejemplar de la tabla de contenido.  </subfield>
  </datafield>
  <datafield tag="505" ind1=" " ind2=" ">
    <subfield code="a">VOL [1] : El color, el punto, la linea, el plano, la forma, el tama&#xF1;o, ubicaci&#xF3;n, la perspectiva y profesiones artisiticas - Taller : C&#xED;rculo crom&#xE1;tico, cuadro perforado, hilogramas, collage, marqueter&#xED;a, degradados, historia de la pintura VOL [2] : Igual al anterior. Historia de la imprenta, historia del pastel, historia del vitral, Taller aprendamos vitral, historia del arte cinetico y op art, historia de la m&#xFA;sica VOL [3] : Elementos de la composici&#xF3;n, grandes pintores, grandes escultores, tecnicas pictoricas.Empastemos libros y trabajos, modelar en arcilla, hagamos m&#xE1;scaras VOL [4] : La composici&#xF3;n, color, texturas, perspectiva, Pintores Colombianos.El batik, el mosaico, historia del cine, Serigraf&#xED;a o silk screen, historia de la danza</subfield>
  </datafield>
  <datafield tag="650" ind1="1" ind2="4">
    <subfield code="a">ARTE</subfield>
    <subfield code="9">4167</subfield>
  </datafield>
  <datafield tag="650" ind1="1" ind2="4">
    <subfield code="a">DIBUJO ARTISTICO</subfield>
    <subfield code="9">4915</subfield>
  </datafield>
  <datafield tag="650" ind1="1" ind2="4">
    <subfield code="a">educaci&#xF3;n ARTISTICA</subfield>
    <subfield code="9">2072</subfield>
  </datafield>
  <datafield tag="650" ind1="1" ind2="4">
    <subfield code="a">PINTURA</subfield>
  </datafield>
  <datafield tag="942" ind1=" " ind2=" ">
    <subfield code="2">ddc</subfield>
    <subfield code="c">BK</subfield>
  </datafield>
  <datafield tag="999" ind1=" " ind2=" ">
    <subfield code="c">19846</subfield>
    <subfield code="d">19846</subfield>
  </datafield>
  <datafield tag="952" ind1=" " ind2=" ">
    <subfield code="0">1</subfield>
    <subfield code="1">0</subfield>
    <subfield code="2">ddc</subfield>
    <subfield code="4">4</subfield>
    <subfield code="7">0</subfield>
    <subfield code="8">003</subfield>
    <subfield code="a">MEVIECAR</subfield>
    <subfield code="b">MEVIECAR</subfield>
    <subfield code="d">2015-12-04</subfield>
    <subfield code="h">Volumen. 1 | 11/jun/2009</subfield>
    <subfield code="l">0</subfield>
    <subfield code="o">372.5 A484h </subfield>
    <subfield code="p">8024</subfield>
    <subfield code="r">2015-12-04 00:00:00</subfield>
    <subfield code="t">Ej. 1</subfield>
    <subfield code="w">2015-12-04</subfield>
    <subfield code="y">BK</subfield>
  </datafield>
</record>
